Vista normal
Vista MARC
Entrada Geographic Name
Número de registros utilizados en: 1
001 - CONTROL NUMBER
- control field: 14203
003 - CONTROL NUMBER IDENTIFIER
- control field: OSt
005 - DATE AND TIME OF LATEST TRANSACTION
- control field: 20210301172958.0
008 - FIXED-LENGTH DATA ELEMENTS
- fixed length control field: 210301|| aca||aabn | a|a d
040 ## - CATALOGING SOURCE
- Original cataloging agency: OSt
- Transcribing agency: OSt
151 ## - HEADING--GEOGRAPHIC NAME
- Geographic name: Poesía
670 ## - SOURCE DATA FOUND
- Source citation: Work cat.: (OSt): Higuera, Giovani, autor 14202, Mantra en blues / , 1994